|
|
|
|
| LEADER |
00000cam a2200000 a 4500 |
| 001 |
vtls001472725 |
| 003 |
SK-MaSNL |
| 005 |
20260301150752.0 |
| 008 |
210624s2003 xo l g fl 00000 slo |
| 015 |
|
|
|a SNBI2004/03-01195
|
| 020 |
|
|
|a 8080575193
|
| 035 |
|
|
|a SNK000428027
|
| 035 |
|
|
|a urn:nbn:sk:snk-am3ilpq
|
| 035 |
|
|
|a AF09FC25-9514-4760-B076-C783060D2E3B
|
| 035 |
|
|
|a urn:nbn:sk:snk-am00eojj
|
| 040 |
|
|
|a SNK
|b slo
|c SNK
|e AACR2
|
| 041 |
0 |
|
|a slo
|
| 044 |
|
|
|a xo
|c SK
|
| 072 |
|
7 |
|a 351
|x Úlohy verejnej správy, správne opatrenia. Legislatíva
|2 konspekt
|
| 072 |
|
7 |
|a 614.84
|x Požiare. Ochrana pred požiarmi
|2 konspekt
|
| 080 |
|
|
|a 614.84
|2 2011
|
| 080 |
|
|
|a 614.84:340.133(094.5)
|2 1997
|
| 080 |
|
|
|a 340.133
|2 1997
|
| 080 |
|
|
|a 002.1-021.632
|2 2001
|
| 080 |
|
|
|a (094.5)
|2 2011
|
| 080 |
|
|
|a (035)
|2 2011
|
| 245 |
0 |
0 |
|a Doplnok č. 1 príručky protipožiarnej ochrany
|
| 250 |
|
|
|a 1. vyd.
|
| 260 |
|
|
|a Bratislava
|b Epos
|c 2003
|
| 300 |
|
|
|a 61 strán
|b schémy, tabuľky
|c 21 cm
|
| 650 |
0 |
7 |
|a požiarna ochrana
|2 SNKPH
|9 1501
|
| 650 |
0 |
7 |
|a dodatky, doplnky, aktualizácie
|2 SNKPH
|9 31050
|
| 655 |
|
7 |
|a zákony
|2 SNKPH
|9 70186
|
| 655 |
|
7 |
|a vyhlášky
|2 SNKPH
|9 70671
|
| 655 |
|
7 |
|a právne predpisy
|2 SNKPH
|9 70481
|
| 655 |
|
7 |
|a príručky
|2 SNKPH
|9 74364
|
| 919 |
|
|
|a 80-8057-519-3
|
| 958 |
|
|
|a TL
|
| 958 |
|
|
|a OND
|
| 999 |
|
|
|c 784549
|d 786479
|
| 952 |
|
|
|t P60, <03>, [BOOK], {603}
|a SNK
|b SNK
|y PREZ
|7 0
|p 17A0424446
|o snkSC 108722/dopl.1
|i snkKSP 5064/2004
|0 0
|1 0
|4 0
|d 2004-04-07
|f 1
|l 0
|r 2025-09-29 00:00:00
|w 2026-02-24
|